000 00265 a2200085 4500
020 _a978-0500518489
100 _aVeronika Kapsali
245 _aBiomimicry for Designers: Applying Nature's Processes & Materials in the Real World
260 _b‎ Thames and Hudson
_c2016
999 _c13279
_d13279